000 00963aam a2200301 i 4500
001 ocm62891217
003 EG-ScBUE
005 20251126103347.0
008 050513s2006 enka f b 001 0 eng d
020 _a0415307120 (pbk.)
020 _a9780415307123
035 _a(OCoLC)ocm62891217
040 _aUKM
_beng
_erda
_cUKM
_dBAKER
_dBWKUK
_dYDXCP
_dEG-ScBUE
082 0 4 _a302.231
_222
_bDEW
100 1 _aDewdney, Andrew,
_eauthor.
245 1 4 _aThe new media handbook /
_cAndrew Dewdney and Peter Ride.
264 1 _aLondon ;
_aNew York :
_bRoutledge,
_c2006.
300 _axi, 329 pages :
_billustrations ;
_c24 cm
336 _2rdacontent
_atext
_btxt
337 _2rdamedia
_aunmediated
_bn
338 _2rdacarrier
_avolume
_bnc
504 _aIncludes bibliographical references and index.
650 7 _aDigital media.
_2BUEsh
655 _vReading book
700 1 _aRide, Peter,
_eauthor.
942 _2ddc
_cBB
999 _c31020
_d30991